000 01075cas a2200241 a 4500
999 _c16802
_d16802
005 20180517061453.0
008 950207c19949999bl uu p 0 0por c
040 _aTxU
_cTxU
_dDLC
_dOCoLC
_dCO-BoIAVH
041 0 _apor
044 _abl
090 _aSE
245 0 0 _aChelonia neotropica :
_bboletim informativo do Grupo de Estudos de Quelônios do Brasil, GEQB.
260 _aBelo Horizonte, MG (Brasil) :
_bFundação Biodiversitas :
_bConservation International :
_bSpecies Survival Commission,
_c1994-.
300 _bilustraciones ;
_c28 cm.
650 2 4 _aTortugas
_zBrasil
_vPublicaciones periódicas
650 2 6 _aConservación de la naturaleza
_zBrasil
_vPublicaciones periódicas
710 2 _aGrupo de Estudos de Quelônios do Brasil
710 2 _aFundação Biodiversitas
710 2 _aConservation International
710 2 _aInternational Union for Conservation of Nature and Natural Resources.
_bSpecies Survival Commission.
776 0 8 _iOnline version:
_tChelonia neotropica
_w(OCoLC)663253318
942 _2z
_cREVISTA